00488nam a2200157Ia 4500003000900000008004100009020001800050040001600068080001800084110002800102245007700130260004400207300001000251650004100261650002800302IN-BaIIA211028s9999 xx 000 0 eng d a0-85229-466-2 cIIA Library a058:5bENB-87 aEncyclopedia Britannica 0aEncyclopaedia Britannicab1987 book of the yearcEncyclopedia Britannica aChicagobEncyclopaedia Britannicac1987 a958p. aAstronomy and Astrophysics Thesaurus aEncyclopedia-Year books